[Event "Flint (Class DE/1)"]
[Site "?"]
[Date "1993.??.??"]
[Round "?"]
[White "Pontoni, M."]
[Black "Bensek, R."]
[Result "1-0"]
[WhiteElo "1605"]
[BlackElo "1605"]
[PlyCount "135"]
[EventDate "1993.??.??"]

1. e4 e5 2. Nf3 d6 3. d4 exd4 4. Qxd4 Nc6 5. Bb5 Bd7 6. Bxc6 Bxc6 7. O-O Nf6 8.
Re1 Bxe4 9. Bg5 d5 10. Nc3 c5 11. Qe5+ Be7 12. Rad1 O-O 13. Nxe4 Re8 14. Qf5
Nxe4 15. Rxe4 dxe4 16. Rxd8 Raxd8 17. Ne1 Bxg5 18. Qxg5 Rd1 19. Kf1 b6 20. Qg4
Rd2 21. Qf4 Rd4 22. Qc7 g6 23. Qxa7 Re6 24. c3 Rd2 25. b4 e3 26. fxe3 Rf6+ 27.
Nf3 Rc2 28. bxc5 b5 29. c6 Rxc3 30. c7 Rfc6 31. Qb8+ Kg7 32. Qxb5 Rxc7 33. Qe5+
Kf8 34. Qh8+ Ke7 35. Qe5+ Kf8 36. Nd4 Rc1+ 37. Kf2 Kg8 38. Nb5 R7c5 39. Qe8+
Kg7 40. Nd6 R1c2+ 41. Kf3 Rc7 42. Qe5+ Kg8 43. Ne8 Kf8 44. Nxc7 Rxa2 45. Qd6+
Kg7 46. Ne8+ Kg8 47. Nf6+ Kg7 48. h4 Ra5 49. Ne8+ Kg8 50. Qg3 Kf8 51. Nf6 Rf5+
52. Ke4 Rxf6 53. Qg5 Re6+ 54. Kd3 Rd6+ 55. Ke2 f6 56. Qc5 Ke7 57. g4 Ke6 58.
Qc4+ Ke7 59. Qg8 h6 60. Qg7+ Ke6 61. Qxg6 Ke5 62. Qxh6 f5 63. Qf4+ Ke6 64.
Qxf5+ Ke7 65. g5 Ra6 66. g6 Ra2+ 67. Kf3 Ra1 68. Qe5+ 1-0

[Event "Troy (TCC/DEU/5/4)"]
[Site "?"]
[Date "1993.??.??"]
[Round "?"]
[White "Piasecki, Vince"]
[Black "Wozniak, J."]
[Result "1-0"]
[WhiteElo "1605"]
[BlackElo "1605"]
[PlyCount "55"]
[EventDate "1993.??.??"]

{5/(4)} 1. c4 e5 2. Nc3 d6 3. Nf3 f5 4. e3 Nc6 5. d4 e4 6. Ng1 Nf6 7. Nh3 Be7
8. Nf4 O-O 9. Bd2 b6 10. Be2 Qd7 11. h4 Nd8 12. Ncd5 Ne6 13. Nxe6 Qxe6 14. Nxc7
Qd7 15. Nxa8 Bb7 16. Nxb6 axb6 17. d5 Qc8 18. Bc3 Nd7 19. h5 Bg5 20. Qd4 Bf6
21. Qd2 Bg5 22. O-O-O Qa8 23. Kb1 Nc5 24. f4 Be7 25. g4 Bc8 26. g5 Bd7 27. Qd4
Rf7 28. h6 1-0

[Event "East Lansing (MOR/3/30)"]
[Site "?"]
[Date "1993.??.??"]
[Round "?"]
[White "Piasecki, Vince"]
[Black "Stark, J."]
[Result "0-1"]
[WhiteElo "1605"]
[BlackElo "1605"]
[PlyCount "92"]
[EventDate "1993.??.??"]

{3/(30)} 1. Nf3 c5 2. g3 Nc6 3. Bg2 d5 4. O-O e5 5. d3 Nf6 6. Bg5 Be7 7. Re1
Be6 8. Nbd2 Qc7 9. e4 d4 10. c3 O-O 11. Qc2 Rfc8 12. cxd4 cxd4 13. Rac1 h6 14.
Bxf6 gxf6 15. b3 Ba3 16. Rcd1 Qd7 17. Nc4 Bb4 18. Rf1 Bc3 19. Nh4 b5 20. Nd2
Rab8 21. Qc1 Nb4 22. Nb1 Kg7 23. f4 Nxa2 24. Qa3 Nb4 25. fxe5 fxe5 26. Nf5+
Bxf5 27. Rxf5 Nc2 28. Qc1 Ne3 29. Bh3 Nxf5 30. Bxf5 Qe7 31. Rf1 Rc7 32. Qd1 Qg5
33. Rf3 Bb2 34. Rf1 Rc1 35. Qe2 Rxf1+ 36. Qxf1 Qc1 37. Kg2 Qc2+ 38. Kh3 Bc1 39.
Bg4 Qxb1 40. Qf5 Bg5 41. Qxe5+ Bf6 42. Qf4 Qxd3 43. Bf5 Rb6 44. Qg4+ Bg5 45.
Qh5 Qf1+ 46. Kg4 Qf2 0-1

[Event "Troy (TCC/DEU/3/7)"]
[Site "?"]
[Date "1993.??.??"]
[Round "?"]
[White "Piasecki, Vince"]
[Black "Jagodzinski, M."]
[Result "1-0"]
[WhiteElo "1605"]
[BlackElo "1605"]
[PlyCount "77"]
[EventDate "1993.??.??"]

{3/(7)} 1. c4 e5 2. Nc3 Nf6 3. e4 c6 4. d3 Bc5 5. Be3 Bxe3 6. fxe3 d6 7. Be2
Be6 8. Nf3 Nbd7 9. Ng5 h6 10. Nxe6 fxe6 11. Bh5+ Ke7 12. O-O Qb6 13. Qe2 Nc5
14. b3 Raf8 15. Bf3 Qb4 16. Qd2 a5 17. a3 Qb6 18. Rab1 Nxb3 19. Qe1 c5 20. Bd1
a4 21. Nxa4 Qc6 22. Bxb3 Ng4 23. Qh4+ Nf6 24. Nc3 g5 25. Qe1 g4 26. Qh4 Qe8 27.
Ba4 Qg6 28. Rxb7+ Kd8 29. Rb8+ Kc7 30. Rxf8 Rxf8 31. Rb1 g3 32. Nb5+ Kd7 33.
Nd4+ Ke7 34. Rb7+ Kd8 35. Nxe6+ Kc8 36. Nxf8 gxh2+ 37. Kxh2 Ng4+ 38. Kg1 Qg8
39. Qe7 1-0

[Event "East Lansing (MOR/6/20)"]
[Site "?"]
[Date "1993.??.??"]
[Round "?"]
[White "Piasecki, Vince"]
[Black "Grzegorczyk, Ron"]
[Result "1-0"]
[WhiteElo "1605"]
[BlackElo "1640"]
[PlyCount "51"]
[EventDate "1993.??.??"]

{6/(20)} 1. Nf3 c5 2. g3 Nc6 3. Bg2 Nf6 4. O-O d5 5. d3 e6 6. Nbd2 Be7 7. e4
dxe4 8. Nxe4 Nxe4 9. dxe4 O-O 10. Be3 e5 11. c3 Be6 12. Qc2 Qc7 13. Rad1 Rad8
14. Ng5 Bxg5 15. Bxg5 f6 16. Be3 b6 17. Rfe1 Qf7 18. b3 Na5 19. Bf1 Nxb3 20.
Rxd8 Rxd8 21. axb3 Bxb3 22. Qb2 c4 23. Qa3 Qb7 24. Bc1 a5 25. Bh3 Rd3 26. Be6+
1-0

[Event "Troy (TCC/DEU/1a/4)"]
[Site "?"]
[Date "1993.??.??"]
[Round "?"]
[White "Piasecki, Vince"]
[Black "DeVoll, J."]
[Result "1-0"]
[WhiteElo "1605"]
[BlackElo "1605"]
[PlyCount "83"]
[EventDate "1993.??.??"]

1. c4 Nf6 2. Nc3 d6 3. d4 g6 4. Nf3 Bg7 5. Bf4 O-O 6. Qc2 a6 7. e3 Nc6 8. a3
Bg4 9. Be2 Bxf3 10. Bxf3 e5 11. dxe5 dxe5 12. Bg5 Qd7 13. Rd1 Qc8 14. Nd5 Nxd5
15. cxd5 Nd8 16. O-O f6 17. Bh4 Nf7 18. Qb3 Rb8 19. Be2 Kh8 20. f4 exf4 21.
exf4 f5 22. Bc4 Nd6 23. Be7 b5 24. Bxf8 Bxf8 25. Be2 Bg7 26. Bf3 Qd7 27. Rfe1
Re8 28. Rxe8+ Qxe8 29. Qc2 Qc8 30. Re1 Qd7 31. Re6 Kg8 32. Qc6 Qxc6 33. dxc6
Bf8 34. Bd5 Kg7 35. b3 h6 36. h4 g5 37. hxg5 hxg5 38. fxg5 f4 39. Be4 Nxe4 40.
Rxe4 Kg6 41. Rxf4 Kxg5 42. Rxf8 1-0

[Event "East Lansing (MOR/7/12)"]
[Site "?"]
[Date "1993.??.??"]
[Round "?"]
[White "Piasecki, Vince"]
[Black "Choyke, J."]
[Result "1/2-1/2"]
[WhiteElo "1605"]
[BlackElo "1660"]
[PlyCount "101"]
[EventDate "1993.??.??"]

{7/(12)} 1. Nf3 Nc6 2. g3 Nf6 3. Bg2 e5 4. d3 Bc5 5. Nc3 h6 6. Na4 Be7 7. O-O
d5 8. Re1 Bg4 9. Bd2 Qd7 10. Nc3 O-O-O 11. e4 dxe4 12. Nxe4 Nxe4 13. Rxe4 f5
14. Re1 e4 15. h3 exf3 16. Bxf3 Bxf3 17. Qxf3 Nd4 18. Qd1 Bf6 19. c3 Nc6 20. d4
Rhe8 21. Qf3 Bxd4 22. Rxe8 Bxf2+ 23. Qxf2 Rxe8 24. Rf1 Re5 25. Bf4 Rd5 26. Re1
Rd1 27. Qe2 Rxe1+ 28. Qxe1 Qe7 29. Qf2 h5 30. Be3 Qd7 31. Bxa7 b6 32. Bxb6 cxb6
33. Qxb6 Qa7 34. Qxa7 Nxa7 35. h4 Nc6 36. Kf2 Ne5 37. b4 Nf7 38. a4 g5 39. c4
gxh4 40. gxh4 Ne5 41. c5 Nd3+ 42. Ke3 Nxb4 43. Kf4 Nd3+ 44. Kxf5 Nxc5 45. Kg5
Nxa4 46. Kxh5 Kd8 47. Kg6 Nc5 48. Kf7 Nd7 49. h5 Ne5+ 50. Kf8 Ng4 51. Kf7
1/2-1/2

[Event "East Lansing (MOR/1b/5)"]
[Site "?"]
[Date "1993.??.??"]
[Round "?"]
[White "Piasecki, Vince"]
[Black "Blake, J."]
[Result "0-1"]
[WhiteElo "1605"]
[BlackElo "1740"]
[PlyCount "54"]
[EventDate "1993.??.??"]

1. d4 d5 2. c4 e6 3. Nc3 f5 4. Nf3 Be7 5. e3 c6 6. Be2 Nf6 7. O-O O-O 8. Re1
Ne4 9. Nxe4 fxe4 10. Ne5 Nd7 11. Nxd7 Bxd7 12. Rf1 Bd6 13. c5 Bc7 14. f4 exf3
15. Bxf3 e5 16. b4 e4 17. Be2 Qh4 18. g3 Bxg3 19. hxg3 Qxg3+ 20. Kh1 Rf2 21.
Rxf2 Qxf2 22. Qf1 Qh4+ 23. Kg1 Rf8 24. Qg2 Bh3 25. Qxh3 Qxh3 26. Bd2 Qg3+ 27.
Kh1 Rf2 0-1

[Event "Lansing (MI Am/2)"]
[Site "?"]
[Date "1993.??.??"]
[Round "?"]
[White "Phalen, Michael"]
[Black "Velasquez, A."]
[Result "1-0"]
[WhiteElo "1605"]
[BlackElo "1605"]
[PlyCount "57"]
[EventDate "1993.??.??"]

1. e4 c5 2. Nf3 Nc6 3. Bc4 d6 4. h3 g6 5. d3 Nf6 6. Nc3 Bg7 7. Bg5 O-O 8. O-O
Bd7 9. Re1 Re8 10. e5 dxe5 11. Nxe5 Nxe5 12. Rxe5 Rc8 13. Qe2 a6 14. Re1 Kf8
15. Qe3 b5 16. Bd5 Nxd5 17. Rxd5 c4 18. Bh6 e6 19. Rd6 Rc6 20. Rxc6 Bxc6 21.
Qc5+ Kg8 22. Bxg7 Kxg7 23. Qxc6 cxd3 24. cxd3 b4 25. Nd5 a5 26. Nf4 e5 27. Qb5
f6 28. Qb7+ Re7 29. Ne6+ 1-0

[Event "East Lansing (MOR/6/21)"]
[Site "?"]
[Date "1993.??.??"]
[Round "?"]
[White "Phalen, Michael"]
[Black "Vega, D."]
[Result "0-1"]
[WhiteElo "1605"]
[BlackElo "1605"]
[PlyCount "122"]
[EventDate "1993.??.??"]

{6/(21)} 1. e4 c5 2. Nf3 d6 3. d4 cxd4 4. Nxd4 Nf6 5. Nc3 a6 6. Bg5 e6 7. Bc4
Nc6 8. Nxc6 bxc6 9. Qd3 Be7 10. Rd1 Qa5 11. Bd2 Qh5 12. O-O d5 13. exd5 exd5
14. Bb3 O-O 15. Rfe1 Bf5 16. Qg3 Rfe8 17. Bg5 Qg6 18. Bxf6 Qxg3 19. hxg3 Bxf6
20. Bxd5 Rxe1+ 21. Rxe1 Bxc3 22. Bxf7+ Kxf7 23. bxc3 Bxc2 24. Re5 Rb8 25. Ra5
Rb1+ 26. Kh2 Bd3 27. Rc5 Bb5 28. c4 Ba4 29. Ra5 Rb4 30. Rxa6 Rxc4 31. f3 Bb5
32. Ra7+ Kf6 33. g4 Ra4 34. Rxa4 Bxa4 35. Kg3 Ke5 36. Kf2 Kd4 37. Ke2 c5 38.
Kd2 c4 39. f4 c3+ 40. Kc1 Kd3 41. g5 Ke3 42. f5 Kf4 43. f6 gxf6 44. gxf6 Be8
45. Kc2 Kf5 46. Kxc3 Kxf6 47. Kd3 Kf5 48. Ke3 Kg4 49. Ke4 Bc6+ 50. Ke5 Bxg2 51.
Kd4 h5 52. Ke3 Kg3 53. Ke2 Kh2 54. Kf2 h4 55. a4 Bd5 56. a5 Bc6 57. a6 Bd5 58.
a7 Bc6 59. Kf1 Kg3 60. Ke2 h3 61. Kd3 h2 0-1

[Event "East Lansing (MOR/3/34)"]
[Site "?"]
[Date "1993.??.??"]
[Round "?"]
[White "Phalen, Michael"]
[Black "Rodriguez, Juan"]
[Result "0-1"]
[WhiteElo "1605"]
[BlackElo "1605"]
[PlyCount "72"]
[EventDate "1993.??.??"]

{3/(34)} 1. d4 d5 2. c4 c6 3. Nc3 dxc4 4. a4 Nf6 5. e4 e6 6. Bxc4 Bb4 7. Qe2
Qxd4 8. Bd2 Bxc3 9. Bxc3 Qxe4 10. Rd1 Qxe2+ 11. Nxe2 O-O 12. b4 Nbd7 13. b5 Nd5
14. Bb2 N7b6 15. Bb3 cxb5 16. axb5 Bd7 17. Nd4 Rac8 18. O-O Nc3 19. Rd3 Nxb5
20. Ne2 Bc6 21. Rc1 Nd5 22. Ng3 Nf4 23. Rd2 Rfd8 24. Rdc2 Nd3 25. Ba4 Nxc1 26.
Rxc1 Nd4 27. Rc4 Bxa4 28. Rxa4 Ne2+ 29. Kf1 Nxg3+ 30. hxg3 Rc2 31. Bd4 e5 32.
Rxa7 exd4 33. Rxb7 d3 34. f4 d2 35. Kf2 d1=Q+ 36. Ke3 Qe2# 0-1

[Event "Lansing (MI Am/5)"]
[Site "?"]
[Date "1993.??.??"]
[Round "?"]
[White "Phalen, Michael"]
[Black "O'Ryan, C."]
[Result "0-1"]
[WhiteElo "1605"]
[BlackElo "1605"]
[PlyCount "60"]
[EventDate "1993.??.??"]

1. e4 d6 2. d4 Nf6 3. Nc3 g6 4. Bc4 Bg7 5. Bg5 O-O 6. Nf3 Bg4 7. O-O Nc6 8. Be2
e5 9. Nd5 Bxf3 10. Bxf3 Nxd4 11. c3 Ne6 12. Bh4 g5 13. Bg3 Nxd5 14. exd5 Nc5
15. Qc2 f5 16. h3 Qe8 17. b4 Nd7 18. Qd2 Qg6 19. Bd1 a6 20. Bc2 g4 21. hxg4
Qxg4 22. f3 Qxg3 23. Qd3 Qf4 24. Kf2 Qh4+ 25. Ke3 Bh6+ 26. Ke2 Qg5 27. g4 e4
28. fxe4 Qxg4+ 29. Kf2 fxe4+ 30. Ke1 exd3 0-1

[Event "East Lansing (MOR/1b/11)"]
[Site "?"]
[Date "1993.??.??"]
[Round "?"]
[White "Phalen, Michael"]
[Black "Lewis, C."]
[Result "0-1"]
[WhiteElo "1605"]
[BlackElo "1665"]
[PlyCount "30"]
[EventDate "1993.??.??"]

1. d4 Nf6 2. c4 g6 3. Nc3 d5 4. Bg5 Ne4 5. Bxe7 Bxe7 6. Nxd5 Bf8 7. Nf3 c6 8.
Qa4 b5 9. cxb5 Qxd5 10. bxc6 Nxc6 11. Rc1 Bb4+ 12. Kd1 Nxf2+ 13. Kc2 Bf5+ 14.
e4 Bxe4+ 15. Bd3 Bxd3# 0-1

[Event "Lansing (MI Am/4)"]
[Site "?"]
[Date "1993.??.??"]
[Round "?"]
[White "Phalen, Michael"]
[Black "Bezrutch, B."]
[Result "0-1"]
[WhiteElo "1605"]
[BlackElo "1605"]
[PlyCount "56"]
[EventDate "1993.??.??"]

1. e4 e5 2. Nf3 Nc6 3. Bc4 Bc5 4. Nc3 d6 5. h3 Be6 6. Bxe6 fxe6 7. d3 Nge7 8.
Bg5 h6 9. Bh4 g5 10. Bxg5 hxg5 11. Nxg5 Qd7 12. Qg4 Nd4 13. Rc1 O-O-O 14. Ne2
Nxe2 15. Qxe2 Rh6 16. Nf7 Rf6 17. Nxd8 Bxf2+ 18. Qxf2 Rxf2 19. Kxf2 Qxd8 20. g4
Ng6 21. h4 Nxh4 22. Rcg1 Qg5 23. c4 Qf4+ 24. Ke2 Nf3 25. Rf1 Nd4+ 26. Ke1 Qe3+
27. Kd1 Qe2+ 28. Kc1 Qc2# 0-1

[Event "Troy (TCC/A/5/4)"]
[Site "?"]
[Date "1993.??.??"]
[Round "?"]
[White "Perry, R."]
[Black "Kung, Fred"]
[Result "1-0"]
[WhiteElo "1970"]
[BlackElo "1875"]
[PlyCount "83"]
[EventDate "1993.??.??"]

{5/(4)} 1. e4 e6 2. d4 d5 3. exd5 exd5 4. c4 c6 5. Nc3 Nf6 6. h3 Bd6 7. Nf3 O-O
8. cxd5 cxd5 9. Bd3 Be6 10. O-O Nc6 11. a3 Qd7 12. Re1 Bxh3 13. gxh3 Qxh3 14.
Bf1 Qh5 15. Bg2 Rfe8 16. Be3 Ne7 17. Ne5 Qf5 18. Qf3 Bxe5 19. dxe5 Ng4 20. Nxd5
Nxe3 21. Rxe3 Qxf3 22. Bxf3 Rac8 23. Nxe7+ Rxe7 24. b4 b6 25. Rd1 Kf8 26. Rd6
Rce8 27. Bc6 Rc8 28. f4 g6 29. Kf2 h5 30. Kf3 Kg7 31. Ke4 h4 32. f5 gxf5+ 33.
Kxf5 Rh8 34. Kf4 Rh5 35. Rd7 Kf8 36. Rxe7 Kxe7 37. Bg2 Ke6 38. Bh3+ Kd5 39.
Rd3+ Kc6 40. a4 a5 41. Rd6+ Kc7 42. b5 1-0

[Event "Flint (MEX/4)"]
[Site "?"]
[Date "1993.??.??"]
[Round "?"]
[White "Pence, Mark"]
[Black "Sloan, Thomas"]
[Result "1-0"]
[WhiteElo "2080"]
[BlackElo "2095"]
[PlyCount "137"]
[EventDate "1993.??.??"]

1. d4 f5 2. Nc3 d5 3. Bf4 Nf6 4. f3 e6 5. e3 Nh5 6. Be5 Nd7 7. Qd2 Nxe5 8. dxe5
Qh4+ 9. Qf2 Qxf2+ 10. Kxf2 f4 11. e4 Bc5+ 12. Ke1 Bd4 13. exd5 Bxc3+ 14. bxc3
exd5 15. Ne2 g5 16. Nd4 a6 17. Kd2 c5 18. Nb3 b6 19. a4 Kd7 20. c4 d4 21. a5
Kc6 22. axb6 Re8 23. Bd3 Kxb6 24. Rhb1 Rxe5 25. Nxd4+ Kc7 26. Nb5+ Kd7 27. Nc3
Nf6 28. Rb6 Ke7 29. Ra5 g4 30. Ne4 Nxe4+ 31. Bxe4 Ra7 32. Rh6 Kf8 33. Rf6+ Rf7
34. Rxf7+ Kxf7 35. Bd5+ Be6 36. Rxc5 Bxd5 37. Rxd5 Re6 38. Rf5+ Kg6 39. Rxf4
gxf3 40. Rxf3 Rc6 41. Kc3 a5 42. Kd4 Rd6+ 43. Kc3 Rc6 44. h3 h5 45. g3 Kg5 46.
Kb3 Rc5 47. Rd3 Kg6 48. Rd5 a4+ 49. Kxa4 Rxc4+ 50. Kb3 Re4 51. Rd3 Kf5 52. c4
Ke6 53. Kb4 Re1 54. c5 Rb1+ 55. Kc4 Rc1+ 56. Kb5 Rb1+ 57. Kc6 Rc1 58. Re3+ Kf6
59. Kd6 Rd1+ 60. Kc7 Rc1 61. c6 Rc2 62. Kd7 Rd2+ 63. Kc8 Rc2 64. c7 Kf7 65. Re5
Rc3 66. Rxh5 Rxg3 67. Kd7 Rd3+ 68. Kc6 Rc3+ 69. Rc5 1-0

[Event "Flint (MEX/1)"]
[Site "?"]
[Date "1993.??.??"]
[Round "?"]
[White "Pence, Mark"]
[Black "Gabbara, Faris"]
[Result "1/2-1/2"]
[WhiteElo "2080"]
[BlackElo "2205"]
[PlyCount "136"]
[EventDate "1993.??.??"]

1. d4 d5 2. Nf3 e6 3. g3 c5 4. e3 Nc6 5. Bg2 Nf6 6. O-O Bd6 7. dxc5 Bxc5 8. c4
O-O 9. Nc3 dxc4 10. Qa4 Bb4 11. Rd1 Qa5 12. Qxa5 Bxa5 13. Nb5 a6 14. Nd6 Rd8
15. Bd2 Rxd6 16. Bxa5 Rd7 17. Bc3 Nd5 18. Ne5 Nxe5 19. Bxe5 f6 20. e4 Ne3 21.
Rxd7 Bxd7 22. Bc3 Nxg2 23. Kxg2 Bc6 24. f3 Rd8 25. Kf2 Rd3 26. Re1 f5 27. Re3
fxe4 28. fxe4 Rd1 29. a3 Ba4 30. Re2 Bc6 31. Ke3 g5 32. Kf3 h5 33. Bd2 Rf1+ 34.
Kg2 Rf5 35. Bc3 g4 36. Kg1 Rf3 37. Kg2 Kf7 38. Kg1 Ke8 39. Kg2 Ke7 40. Be5 Ke8
41. Bc3 Kd7 42. Kg1 Kc7 43. e5 Kb6 44. Rf2 Kb5 45. Rxf3 Bxf3 46. Kf2 Ka4 47.
Ke3 a5 48. Kd4 Bd5 49. Kc5 Kb3 50. Kb5 Kc2 51. Kxa5 Kd1 52. Kb5 Ke2 53. Kc5 Kf1
54. Bd2 Kg2 55. Bg5 Kxh2 56. Bh4 Kg2 57. Kd4 Kf3 58. Kc3 Ke4 59. Bf6 h4 60.
Bxh4 Kxe5 61. Bd8 Kd6 62. Kd4 e5+ 63. Ke3 Bf3 64. Ba5 Kc5 65. Bb4+ Kb5 66. Bc3
e4 67. Bg7 Ka4 68. Bc3 b5 1/2-1/2

[Event "Flint (MI Senior/1)"]
[Site "?"]
[Date "1993.??.??"]
[Round "?"]
[White "Pence, Mark"]
[Black "Foord, Allan"]
[Result "1-0"]
[WhiteElo "2115"]
[BlackElo "1605"]
[PlyCount "77"]
[EventDate "1993.??.??"]

1. d4 Nf6 2. c4 g6 3. Nf3 Bg7 4. Nc3 d5 5. cxd5 Nxd5 6. e4 Nxc3 7. bxc3 c5 8.
h3 Nc6 9. Be3 Qa5 10. Qd2 cxd4 11. cxd4 Qxd2+ 12. Kxd2 O-O 13. Bb5 Bd7 14. Rab1
e6 15. d5 exd5 16. exd5 Ne5 17. Nxe5 Bxb5 18. Rxb5 Bxe5 19. Rxb7 Rfd8 20. Rd1
Rxd5+ 21. Ke2 Rxd1 22. Kxd1 a5 23. Rb5 Bc3 24. Kc2 Bb4 25. Kb2 Kf8 26. a3 Be1
27. Rc5 a4 28. Rc4 Ke7 29. Kc2 Kd6 30. Kd1 Ba5 31. Rxa4 Kc6 32. Bd2 Kb5 33.
Rxa5+ Rxa5 34. Bxa5 Kxa5 35. Kc2 Ka4 36. Kb2 f5 37. f4 h6 38. h4 h5 39. Ka2 1-0

[Event "Flint (MI Senior/4)"]
[Site "?"]
[Date "1993.??.??"]
[Round "?"]
[White "Pence, Mark"]
[Black "Carpenter, George"]
[Result "1-0"]
[WhiteElo "2115"]
[BlackElo "1605"]
[PlyCount "93"]
[EventDate "1993.??.??"]

1. d4 e6 2. Nf3 Nf6 3. g3 g6 4. Bg2 Bg7 5. O-O O-O 6. c4 d5 7. Nc3 Nbd7 8. cxd5
Nxd5 9. e4 Nxc3 10. bxc3 Nf6 11. Bg5 Qe8 12. Bxf6 Bxf6 13. e5 Bg7 14. Nd2 Rb8
15. g4 c5 16. g5 cxd4 17. cxd4 b6 18. Ne4 Bb7 19. Nd6 Qe7 20. Bxb7 Rxb7 21.
Nxb7 Qxb7 22. Qe2 Qd5 23. Qe3 Rc8 24. a3 Rc4 25. Rfd1 b5 26. Rac1 Bf8 27. Rxc4
bxc4 28. Rc1 a5 29. Rc3 Be7 30. f3 a4 31. Kf2 Kg7 32. h4 h6 33. gxh6+ Kh7 34.
h5 Bh4+ 35. Ke2 g5 36. Qe4+ Qxe4+ 37. fxe4 Kxh6 38. Rxc4 Kxh5 39. d5 Kg4 40. d6
Kg3 41. d7 g4 42. Rc8 Kg2 43. d8=Q Bxd8 44. Rxd8 g3 45. Rg8 Kh2 46. Kf3 f6 47.
exf6 1-0

[Event "Troy (TCC/B/1b/1)"]
[Site "?"]
[Date "1993.??.??"]
[Round "?"]
[White "Papanichola, D."]
[Black "Fleming, William"]
[Result "0-1"]
[WhiteElo "1695"]
[BlackElo "1780"]
[PlyCount "54"]
[EventDate "1993.??.??"]

1. Nf3 Nf6 2. d3 g6 3. b3 Bg7 4. Bb2 d5 5. g3 O-O 6. Bg2 c5 7. Nbd2 Nc6 8. O-O
Qc7 9. Re1 e5 10. e4 d4 11. c3 Bg4 12. h3 Bd7 13. cxd4 cxd4 14. Ba3 Rfe8 15.
Nc4 h6 16. Bd6 Qc8 17. Kh2 Nh7 18. Bxe5 Nxe5 19. Nd6 Qc5 20. Nxe8 Rxe8 21. Rc1
Qa5 22. Re2 Nxf3+ 23. Bxf3 Ng5 24. h4 Nxf3+ 25. Kg2 Bg4 26. Qc2 Qh5 27. Qb2
Nxh4+ 0-1

[Event "Eastpointe (EDO/3/8)"]
[Site "?"]
[Date "1993.??.??"]
[Round "?"]
[White "Papanichola, D."]
[Black "Dangremond, Leonard"]
[Result "0-1"]
[WhiteElo "1695"]
[BlackElo "2025"]
[PlyCount "80"]
[EventDate "1993.??.??"]

{3/(8)} 1. Nf3 d5 2. d3 Nf6 3. Nc3 c5 4. a4 Nc6 5. Bf4 e6 6. Qd2 Bd6 7. Nb5 e5
8. Nxd6+ Qxd6 9. Bg3 O-O 10. O-O-O Be6 11. Ng5 Nd7 12. Nxe6 Qxe6 13. e4 d4 14.
b3 a6 15. Be2 b5 16. a5 b4 17. f4 Nxa5 18. Kb2 f6 19. fxe5 fxe5 20. Qg5 Nc6 21.
Bg4 Qf6 22. Qxf6 Nxf6 23. Be6+ Kh8 24. Rhf1 Rfe8 25. Bf5 Ra7 26. Bh4 Rae7 27.
h3 Kg8 28. Rf3 Nd8 29. Bc8 a5 30. Bxf6 gxf6 31. Rxf6 Ne6 32. Ba6 Kg7 33. Rf3
Ra8 34. Bc4 a4 35. bxa4 Rxa4 36. Rg3+ Kh6 37. Rf1 Nf4 38. Rf2 Ra8 39. Rg4 Rf8
40. g3 Nxd3+ 0-1

[Event "Troy (TCC/B/4/13)"]
[Site "?"]
[Date "1993.??.??"]
[Round "?"]
[White "Papanichola, D."]
[Black "Corbin, W."]
[Result "1/2-1/2"]
[WhiteElo "1695"]
[BlackElo "1650"]
[PlyCount "89"]
[EventDate "1993.??.??"]

{4/(13)} 1. Nf3 d5 2. d3 Nf6 3. Nc3 c5 4. a4 Nc6 5. Bf4 a6 6. Qd2 Bd7 7. e4 d4
8. Ne2 Qb6 9. c3 dxc3 10. Nxc3 e6 11. Be2 Be7 12. O-O O-O 13. Rfd1 Rfd8 14. e5
Nd5 15. Nxd5 exd5 16. d4 cxd4 17. Nxd4 Nxd4 18. Qxd4 Bc5 19. a5 Bxd4 20. axb6
Bxb6 21. Rxd5 Be6 22. Rd3 Rxd3 23. Bxd3 Rd8 24. Be4 Rd4 25. Be3 Rxe4 26. Bxb6
Rxe5 27. Rd1 Kf8 28. h3 Rb5 29. Bd4 Rd5 30. Kf1 Ke8 31. Ke2 g6 32. Bf6 Kd7 33.
Rxd5+ Bxd5 34. g4 a5 35. Ke3 Ke6 36. Bc3 a4 37. Kd4 b5 38. f4 Bc4 39. Ke4 h5
40. f5+ Ke7 41. fxg6 fxg6 42. gxh5 gxh5 43. h4 Kd6 44. Kd4 Kc6 45. Bb4 1/2-1/2

[Event "Eastpointe (EDO/1b/14)"]
[Site "?"]
[Date "1993.??.??"]
[Round "?"]
[White "Papanichola, D."]
[Black "Bloch, S."]
[Result "1-0"]
[WhiteElo "1695"]
[BlackElo "1605"]
[PlyCount "51"]
[EventDate "1993.??.??"]

1. Nf3 Nc6 2. g3 d5 3. Bg2 Nf6 4. O-O Bf5 5. d3 h6 6. Nbd2 g5 7. b3 a5 8. Bb2
b6 9. Nd4 Nxd4 10. Bxd4 Ra6 11. Bb2 a4 12. e4 c6 13. exf5 e5 14. Nf3 Qd7 15.
Re1 Bc5 16. Nxe5 h5 17. Nxd7+ Kxd7 18. Bxf6 Bb4 19. Re7+ Bxe7 20. Bxh8 h4 21.
f6 Bd6 22. Qg4+ Kc7 23. Bh3 Ba3 24. Re1 Bc5 25. Qd7+ Kb8 26. Re8# 1-0

[Event "Flint (MI Jr/4)"]
[Site "?"]
[Date "1993.??.??"]
[Round "?"]
[White "Palmerton, W."]
[Black "Ruelas, Erik"]
[Result "0-1"]
[WhiteElo "1605"]
[BlackElo "1605"]
[PlyCount "72"]
[EventDate "1993.??.??"]

1. e4 c5 2. d4 cxd4 3. c3 dxc3 4. Bc4 cxb2 5. Bxb2 Nc6 6. Qf3 e6 7. Qg3 f6 8.
Na3 Qa5+ 9. Qc3 Bb4 10. Ne2 Bxc3+ 11. Nxc3 Ne5 12. Be2 Ne7 13. O-O N7c6 14.
Rfd1 Qb6 15. Nab5 O-O 16. Ba3 Rd8 17. Rab1 Qa5 18. Rb3 a6 19. Nd4 Nxd4 20. Rxd4
b5 21. Bb4 Qb6 22. Rd1 Bb7 23. Ra3 a5 24. Be7 Re8 25. Nxb5 Rxe7 26. Rc3 Ba6 27.
Nc7 Rc8 28. Bxa6 Rxc7 29. Rxc7 Qxc7 30. h3 Re8 31. f4 Qb6+ 32. Kh2 Qxa6 33.
fxe5 fxe5 34. Rxd7 Rf8 35. g4 Qe2+ 36. Kg3 Qf2# 0-1

[Event "Flint (MI Jr/2)"]
[Site "?"]
[Date "1993.??.??"]
[Round "?"]
[White "Palmerton, W."]
[Black "Elkins, S."]
[Result "1/2-1/2"]
[WhiteElo "1605"]
[BlackElo "1605"]
[PlyCount "92"]
[EventDate "1993.??.??"]

1. e4 g6 2. d4 Bg7 3. c3 d6 4. Bd3 Nf6 5. Bg5 O-O 6. Qc1 Nfd7 7. Bh6 c5 8. Nd2
Bxh6 9. Ngf3 b6 10. O-O Ba6 11. Qc2 Bg7 12. Rfe1 e5 13. Nc4 Qe7 14. a4 exd4 15.
cxd4 cxd4 16. e5 dxe5 17. Be4 Nc6 18. Bxc6 Rac8 19. Bb5 Bxb5 20. axb5 Qb4 21.
Nfd2 Qxb5 22. Rxa7 Qd5 23. Qd3 Nc5 24. Qh3 Rc6 25. Rea1 b5 26. Na5 Ra6 27. Rxa6
Nxa6 28. Nab3 Ra8 29. Nc1 Nc5 30. Rxa8+ Qxa8 31. Nf1 Qa1 32. Qc8+ Bf8 33. Ne2
Qxb2 34. h4 d3 35. Neg3 d2 36. Qd8 Nb3 37. Nxd2 Nxd2 38. h5 Qc1+ 39. Kh2 b4 40.
h6 b3 41. Nh5 gxh5 42. Qg5+ Kh8 43. Qf6+ Kg8 44. Qg5+ Kh8 45. Qf6+ Kg8 46. Qg5+
Kh8 1/2-1/2

[Event "Eastpointe (EDO/2/2)"]
[Site "?"]
[Date "1993.??.??"]
[Round "?"]
[White "Paldan, G."]
[Black "Thompson, Dexter"]
[Result "0-1"]
[WhiteElo "1850"]
[BlackElo "2220"]
[PlyCount "106"]
[EventDate "1993.??.??"]

{2/(2)} 1. e4 e5 2. f4 exf4 3. Nf3 d6 4. d4 g5 5. h4 g4 6. Ng1 Nf6 7. Bxf4 Nxe4
8. Qe2 Qe7 9. Nd2 Nxd2 10. Bxd2 Nc6 11. d5 Qxe2+ 12. Nxe2 Ne7 13. Nf4 Bd7 14.
Bc3 Rg8 15. Bd3 Ng6 16. Nh5 Be7 17. Nf6+ Bxf6 18. Bxf6 h5 19. O-O Kf8 20. Bg5
Kg7 21. Bf6+ Kh7 22. Bd4 Rgf8 23. Rae1 f5 24. g3 Rf7 25. c4 Raf8 26. c5 a6 27.
cxd6 cxd6 28. Bc3 Bb5 29. Bxb5 axb5 30. Bb4 Rf6 31. Bc3 R6f7 32. Bb4 Rd8 33.
Re6 Ne5 34. Rxd6 Rxd6 35. Bxd6 Nf3+ 36. Kg2 Rd7 37. Bf4 Rxd5 38. Rf2 Ne1+ 39.
Kh2 Nd3 40. Re2 Nxf4 41. gxf4 Kg6 42. Re6+ Kf7 43. Rh6 Rd2+ 44. Kg3 Rxb2 45.
Rxh5 Kg6 46. Rg5+ Kf6 47. h5 Rxa2 48. Rg6+ Kf7 49. Rg5 Ra3+ 50. Kg2 Ke6 51. h6
Rh3 52. Rg7 Kd5 53. Rxb7 Ke4 0-1

[Event "Eastpointe (EDO/5/10)"]
[Site "?"]
[Date "1993.??.??"]
[Round "?"]
[White "Paldan, G."]
[Black "Sunts, A."]
[Result "1-0"]
[WhiteElo "1850"]
[BlackElo "1605"]
[PlyCount "107"]
[EventDate "1993.??.??"]

{5/(10)} 1. e4 e5 2. f4 Bc5 3. Nf3 d6 4. c3 Nf6 5. fxe5 dxe5 6. d3 O-O 7. Bg5
h6 8. Bh4 Bg4 9. Nbd2 c6 10. h3 Bxf3 11. Qxf3 Be7 12. Be2 Nbd7 13. O-O c5 14.
Bg3 Nh7 15. Qh5 Bg5 16. Nc4 Qe7 17. a4 a5 18. Bd1 Rab8 19. Qe2 b6 20. Ne3 Bxe3+
21. Qxe3 Qg5 22. Qxg5 Nxg5 23. h4 Ne6 24. Bg4 b5 25. Bxe6 fxe6 26. axb5 Rxf1+
27. Kxf1 Rxb5 28. Ra2 Kf7 29. Be1 Rb3 30. Ke2 a4 31. c4 Nb8 32. Bc3 Nc6 33.
Rxa4 Nd4+ 34. Kd2 Rb6 35. Ra7+ Kf6 36. Rc7 Rc6 37. Rb7 h5 38. b4 cxb4 39. Rxb4
g5 40. hxg5+ Kxg5 41. Rb2 h4 42. Ke3 Kf6 43. Bxd4 exd4+ 44. Kxd4 e5+ 45. Kd5
Ra6 46. Rf2+ Kg5 47. Kxe5 Kg4 48. c5 Kg3 49. Rc2 Rg6 50. c6 Kh2 51. c7 Rxg2 52.
c8=Q h3 53. Qxh3+ Kxh3 54. Rxg2 1-0